Materials in printing processes, (Record no. 11778)
[ view plain ]
| 000 -LEADER | |
|---|---|
| fixed length control field | 00986nam a2200301 4500 |
| 001 - CONTROL NUMBER | |
| control field | 4563586 |
| 005 - DATE AND TIME OF LATEST TRANSACTION | |
| control field | 19730517000000.0 |
| 008 - FIXED-LENGTH DATA ELEMENTS--GENERAL INFORMATION | |
| fixed length control field | 730504s1973 enka b 001 0 eng |
| 010 ## - LIBRARY OF CONGRESS CONTROL NUMBER | |
| LC control number | 73158532 |
| 015 ## - NATIONAL BIBLIOGRAPHY NUMBER | |
| National bibliography number | B73-03178 |
| 020 ## - INTERNATIONAL STANDARD BOOK NUMBER | |
| International Standard Book Number | 0240507568 |
| 040 ## - CATALOGING SOURCE | |
| Original cataloging agency | DLC |
| Transcribing agency | DLC |
| Modifying agency | DLC |
| 050 00 - LIBRARY OF CONGRESS CALL NUMBER | |
| Classification number | Z247 |
| Item number | .Y65 1973b |
| 082 00 - DEWEY DECIMAL CLASSIFICATION NUMBER | |
| Classification number | 686.2028 |
| Edition number | 22 |
| Item number | YOU |
| 100 1# - MAIN ENTRY--PERSONAL NAME | |
| Personal name | Young, Laurence Carvan. |
| 9 (RLIN) | 5954 |
| 245 10 - TITLE STATEMENT | |
| Title | Materials in printing processes, |
| Statement of responsibility, etc | by L. C. Young. |
| 260 ## - PUBLICATION, DISTRIBUTION, ETC. (IMPRINT) | |
| Place of publication, distribution, etc | London, |
| -- | New York, |
| Name of publisher, distributor, etc | Focal P., |
| Date of publication, distribution, etc | 1973. |
| 300 ## - PHYSICAL DESCRIPTION | |
| Extent | xiii, 293, 8 p. |
| Other physical details | illus. |
| Dimensions | 24 cm. |
| 350 ## - PRICE (NR) (BK AM CF MU VM SE) [OBSOLETE] | |
| Price | �3.50 |
| 490 0# - Series Statement | |
| Series statement | Library of printing technology |
| 500 ## - GENERAL NOTE | |
| General note | Includes Index. |
| 504 ## - BIBLIOGRAPHY, ETC. NOTE | |
| Bibliography, etc | Bibliography: p. 246-251. |
| 650 #0 - SUBJECT ADDED ENTRY--TOPICAL TERM | |
| Topical term or geographic name as entry element | Paper. |
| 9 (RLIN) | 5955 |
| 650 #0 - SUBJECT ADDED ENTRY--TOPICAL TERM | |
| Topical term or geographic name as entry element | Printing-ink. |
| 9 (RLIN) | 5956 |
| 650 #0 - SUBJECT ADDED ENTRY--TOPICAL TERM | |
| Topical term or geographic name as entry element | Printing machinery and supplies. |
| 9 (RLIN) | 5957 |
| 942 ## - ADDED ENTRY ELEMENTS (KOHA) | |
| Source of classification or shelving scheme | Dewey Decimal Classification |
| Item type | Book - Borrowing |
| Withdrawn status | Item status | Source of classification or shelving scheme | Damaged status | Not for loan | Vendor | Home library | Current library | Shelving location | Date acquired | Source of acquisition | Cost, normal purchase price | Total Checkouts | Full call number | Barcode | Date last seen | Koha item type |
|---|---|---|---|---|---|---|---|---|---|---|---|---|---|---|---|---|
| Dewey Decimal Classification | Alef-Baa | Central Library | Central Library | First floor | 09/06/2009 | 150.00 | 686.2028 YOU | 000016668 | 15/07/2025 | Book - Borrowing |